Retr̤ica. Un ensayo sobre tres dimensiones de la argumentacin̤ /

Bibliographic Details
Main Author: Valenzuela Cori, Rodrigo
Format: eBook
Language:Spanish
Published: [Chile] : Editorial jurd̕ica de Chile, 2009.
Subjects:
Online Access:Acceso restringido

MARC

LEADER 00000nam a22000007a 4500
005 20110908151131.0
008 110908t2009 cl ||||s|||| 00| 0 spa d
020 |a 978-956-10-1963-8  
035 |a 5480 
040 |a vLex 
090 |c 2408  |d 2408 
100 1 |a Valenzuela Cori, Rodrigo 
245 1 0 |a Retr̤ica.   |h [Recurso electrn̤ico] :  |b Un ensayo sobre tres dimensiones de la argumentacin̤ /  |c Rodrigo Valenzuela Cori  
256 |a Servicio en ln̕ea. 
260 |a [Chile] :  |b Editorial jurd̕ica de Chile,  |c 2009. 
300 |a 1 recurso electrn̤ico. 
500 |a  Retr̤ica. Un ensayo sobre tres dimensiones de la argumentacin̤, es una obra que presenta a la retr̤ica como un estilo de pensamiento y lenguaje que produce accin̤ y forja cohesin̤. Se trata de una perspectiva reivindicativa, que deja de lado los estigmas como discurso decorativo y carente de profundidad. Por el contrario, habla del poder de la palabra como elemento para producir ideas que provocan la accin̤ colectiva. 
506 1 |a Contenido solo disponible en los productos indicados  |d vLex Global  |d vLex Global (Academic Edition, excluding Law Schools)  |d vLex Global (U.S. Academic Edition, Law Schools)  |d vLex Global (U.S. Academic Edition, excluding Law Schools)  |d vLex Global (Academic Edition, Law Schools) 
650 0 4 |a Argumentacin̤ jurd̕ica  |z Mx̌ico 
740 0 |a vLex Libros (Servicio en ln̕ea) 
856 4 0 |u http://vlex.com/source/retorica-ensayo-tres-dimensiones-argumentacion-5480  |z Acceso restringido 
942 |c BOOK